Hauptstädte Europas Quiz - Blindes tippen - Statistiken

Allgemein
  • Dieses Quiz wurde 67 mal gespielt
  • Das Durchschnittsergebnis liegt bei 37 aus 45
Antwortstatistiken
Land Hauptstadt % Korrekt
Deutschland Berlin
98%
Spanien Madrid
95%
Russland Moskau
93%
Schweiz Bern
92%
Portugal Lissabon
92%
Tschechien Prag
92%
Niederlande Amsterdam
90%
Belgien Brüssel
90%
Finnland Helsinki
90%
Vereinigtes Königreich London
90%
Italien Rom
90%
Österreich Wien
90%
Griechenland Athen
89%
Norwegen Oslo
89%
Frankreich Paris
89%
Schweden Stockholm
89%
Polen Warschau
89%
Rumänien Bukarest
85%
Dänemark Kopenhagen
85%
Luxemburg Luxemburg
85%
Island Reykjavík
84%
Vatikanstadt Vatikanstadt
84%
Ungarn Budapest
82%
Irland Dublin
82%
Ukraine Kiew
82%
Belarus Minsk
82%
Lettland Riga
82%
Estland Tallinn
82%
Kroatien Zagreb
82%
San Marino San Marino
80%
Liechtenstein Vaduz
80%
Monaco Monaco
75%
Bulgarien Sofia
74%
Slowenien Ljubljana
72%
Albanien Tirana
72%
Malta Valletta
72%
Litauen Vilnius
72%
Nordmazedonien Skopje
70%
Andorra Andorra la Vella
69%
Serbien Belgrad
69%
Slowakei Bratislava
69%
Moldawien Chișinău
69%
Bosnien und Herzegowina Sarajevo
67%
Kosovo Priština
62%
Montenegro Podgorica
61%
Keine übereinstimmenden Quizze gefunden
Verteilung der Resultate
Anzahl Personen mit jedem Resultat
Perzentil nach korrekt beantworteten Fragen
Ihre Resultats-Entwicklung
Sie haben dieses Quiz noch nicht gespielt